Statistiques concernant Livre à l'auteur n°3

Cliquez ici pour prendre le quiz!

Statistiques générales

  • Ce quiz a été pris 231 fois
  • Le résultat moyen est 8 sur 14

Statistiques - réponses

LivreAuteur% Correct
Voyage au centre de la TerreJules Verne
96%
L'ÉtrangerAlbert Camus
94%
1984George Orwell
82%
Le HobbitJ. R. R. Tolkien
77%
Les Hauts de HurleventEmily Brontë
72%
L'Éducation sentimentaleGustave Flaubert
67%
Les Frères KaramazovFiodor Dostoïevski
54%
Gatsby le MagnifiqueF. Scott Fitzgerald
53%
Frankenstein ou le Prométhée moderneMary Shelley
50%
La Mort d'Ivan IlitchLéon Tolstoï
48%
L'Adieu aux armesErnest Hemingway
43%
Mansfield ParkJane Austen
25%
La Dame de MonsoreauAlexandre Dumas
18%
Les VaguesVirginia Woolf
11%

Distribution des résultats

Percentile par nombre de réponses

% des personnes avec chaque résultat

Votre développement - résultats

Vous n’avez pas pris ce quiz